'Men' in the answer. - Statistics

General Stats
  • This quiz has been taken 37 times
  • The average score is 8 of 21
Answer Stats
Hint Answer % Correct
Said at the end of a prayer Amen
88%
A list of meal choices at a restaurant Menu
88%
What Dennis is Menace
65%
There are 33 of them in the US Constitution Amendments
59%
The father of genetics, a monk who bred peas Gregor Mendel
56%
Turkmenistan
56%
Yemen
56%
Formulator of Periodic Law Dmitri Mendeleev
41%
A portent or premonition Omen
41%
Countries Armenia
38%
Composer of the Wedding March Felix Mendelssohn
38%
2nd largest Balearic Menorca
32%
A creature that feeds on human happiness from Harry Potter Dementor
29%
Sang 'Who let the dogs out?' Baha Men
26%
Province at the heart of Argentina's wine country Mendoza
15%
Three membranes that envelope the brain and spinal cord Meninges
12%
Latin for table, a constellation in the southern hemisphere Mensa
12%
A capital city (Hint: African) N'Djamena
12%
A fictional country from 'One Life to Live' Mendorra
3%
The common name for Isopropylbenzene Cumene
0%
Song by David Bowie The Supermen
0%
No matching quizzes found
Score Distribution
Percent of People with Each Score
Percentile by Number Answered
Your Score History
You have not taken this quiz